<?xml version="1.0" encoding="UTF-8"?>
<record
    xmlns:xsi="http://www.w3.org/2001/XMLSchema-instance"
    xsi:schemaLocation="http://www.loc.gov/MARC21/slim http://www.loc.gov/standards/marcxml/schema/MARC21slim.xsd"
    xmlns="http://www.loc.gov/MARC21/slim">

  <leader>02285nam a2200289 i 4500</leader>
  <controlfield tag="001">160139</controlfield>
  <controlfield tag="003">ES-MaACL</controlfield>
  <controlfield tag="005">20250816091142.0</controlfield>
  <controlfield tag="008">050721m17681779fr af        |||| | fre d</controlfield>
  <datafield tag="040" ind1=" " ind2=" ">
    <subfield code="a">CAM </subfield>
    <subfield code="b">spa </subfield>
    <subfield code="c">CAM</subfield>
  </datafield>
  <datafield tag="100" ind1="1" ind2=" ">
    <subfield code="a">Morand, Jean-Fran&#xE7;ois-Cl&#xE9;ment,</subfield>
    <subfield code="d">1726-1784</subfield>
    <subfield code="9">153967</subfield>
  </datafield>
  <datafield tag="245" ind1="1" ind2="2">
    <subfield code="a">L'art d'exploiter les mines de charbon de terre / </subfield>
    <subfield code="c">par M. Morand.</subfield>
  </datafield>
  <datafield tag="260" ind1=" " ind2=" ">
    <subfield code="a">[Paris : </subfield>
    <subfield code="b">Saillant, Nyon et Desaint], </subfield>
    <subfield code="c">1768-1779.</subfield>
  </datafield>
  <datafield tag="300" ind1=" " ind2=" ">
    <subfield code="a">6 v. : </subfield>
    <subfield code="b">il. ; </subfield>
    <subfield code="c">Fol. (44 cm)</subfield>
  </datafield>
  <datafield tag="490" ind1="1" ind2=" ">
    <subfield code="a">Descriptions des arts et m&#xE9;tiers faites ou approuv&#xE9;es par Messieurs de l'Acad&#xE9;mie Royale des Sciences</subfield>
  </datafield>
  <datafield tag="505" ind1="8" ind2=" ">
    <subfield code="a">Contiene: Premi&#xE8;re partie ; </subfield>
    <subfield code="t">Du charbon de terre (XVIII, 196 p., XIII h. de l&#xE1;m.) - Partie 2, Sections 1-3 ; </subfield>
    <subfield code="t">De l'extraction, de l'usage et du commerce du charbon de terre ([2], 167-460 p., XIV-XXXVI h. de l&#xE1;m.), 1773 - ; </subfield>
    <subfield code="t">Explotation, commerce et usage du charbon de terre en France: IIIe section ([2], 461-725 p., XXXVII-LIII h. de l&#xE1;m.), 1774 - Part. 2, 4e sect ; </subfield>
    <subfield code="t">Essai de th&#xE9;orie-pratique sur l'art d'exploiter les mines ou carri&#xE8;res de charbon de terre et sur les diff&#xE9;rentes manieres d'employer ce fossile pour les manufectures, atteliers et usages domestiques ([2], 727-1114 p., LIV-LV h. de l&#xE1;m.), 1776 - Part. 2, suite de la 4e sect ; </subfield>
    <subfield code="t">Essai de th&#xE9;orie pratique sur les diff&#xE9;rentes mani&#xE8;res d'employer le charbon de terre... ([2],  XIII, 1115-1356, (44) p., LVII-LVIII* h. de grab.), 1777 - [Part. 3] ; </subfield>
    <subfield code="t">Table des mati&#xE8;res... Explication des planches... et Additions et corrections (II, 1357-1612 p., [1] h. de l&#xE1;m. (LVIII**), 1779</subfield>
  </datafield>
  <datafield tag="530" ind1=" " ind2=" ">
    <subfield code="a">Disponible en formato digital.</subfield>
  </datafield>
  <datafield tag="596" ind1=" " ind2=" ">
    <subfield code="a">Cada parte con portadilla propia.</subfield>
  </datafield>
  <datafield tag="599" ind1=" " ind2=" ">
    <subfield code="a">Las h. de l&#xE1;m. calc., de diferentes autores.</subfield>
  </datafield>
  <datafield tag="650" ind1=" " ind2="4">
    <subfield code="a">Carb&#xF3;n-</subfield>
    <subfield code="v">Obras anteriores a 1800.</subfield>
    <subfield code="9">153958</subfield>
  </datafield>
  <datafield tag="830" ind1="0" ind2="0">
    <subfield code="a">Descriptions des arts et m&#xE9;tiers</subfield>
    <subfield code="9">241750</subfield>
  </datafield>
  <datafield tag="852" ind1=" " ind2=" ">
    <subfield code="a">ES-MaACL</subfield>
    <subfield code="j">R-32-37    </subfield>
    <subfield code="z">- Enc. hol.  </subfield>
    <subfield code="x"> Olim: C-10827-70</subfield>
  </datafield>
  <datafield tag="856" ind1=" " ind2=" ">
    <subfield code="u">http://gallica.bnf.fr/ark:/12148/bpt6k10676462/f17.image </subfield>
    <subfield code="z">BNF-Gallica (parte 1; parte 2, sec. 1-3)</subfield>
  </datafield>
  <datafield tag="856" ind1=" " ind2=" ">
    <subfield code="u">http://gallica.bnf.fr/ark:/12148/bpt6k1069694r?rk=85837;2 </subfield>
    <subfield code="z">BNF-Gallica (parte 2, sec. 4)</subfield>
  </datafield>
  <datafield tag="856" ind1=" " ind2=" ">
    <subfield code="u">http://gallica.bnf.fr/ark:/12148/bpt6k1069696k?rk=107296;4 </subfield>
    <subfield code="z">BNF-Gallica (parte 3)</subfield>
  </datafield>
  <datafield tag="999" ind1=" " ind2=" ">
    <subfield code="c">160139</subfield>
    <subfield code="d">160139</subfield>
  </datafield>
  <datafield tag="952" ind1=" " ind2=" ">
    <subfield code="0">0</subfield>
    <subfield code="1">0</subfield>
    <subfield code="4">0</subfield>
    <subfield code="7">0</subfield>
    <subfield code="8">Colecci&#xF3;n_digital</subfield>
    <subfield code="a">ATENEOM</subfield>
    <subfield code="b">ATENEOM</subfield>
    <subfield code="c">DEPO</subfield>
    <subfield code="d">2008-01-17</subfield>
    <subfield code="e">SSC</subfield>
    <subfield code="l">0</subfield>
    <subfield code="o">R-32-37</subfield>
    <subfield code="p">1167657</subfield>
    <subfield code="r">2023-02-23 00:00:00</subfield>
    <subfield code="w">2023-02-23</subfield>
    <subfield code="y">MONANT</subfield>
  </datafield>
</record>
